|
|
|
|
| LEADER |
00000nam0a2200000 4500 |
| 001 |
245712 |
| 005 |
20231101232140.0 |
| 010 |
|
|
|a 576250199Х
|b 200000 экз.
|
| 035 |
|
|
|a (RuTPU)RU\TPU\book\267134
|
| 090 |
|
|
|a 245712
|
| 100 |
|
|
|a 20131115d1990 m y0rusy50 ca
|
| 101 |
0 |
|
|a rus
|
| 102 |
|
|
|a RU
|
| 105 |
|
|
|a c z 000gy
|
| 200 |
1 |
|
|a Стихи
|f О. Э. Мандельштам
|g сост. Ю. Л. Фрейдин ; худож. В. Капридов
|
| 210 |
|
|
|a Пермь
|c Пермское книжное издательство
|d 1990
|
| 215 |
|
|
|a 381 с.
|c портр.
|d 13 см.
|
| 300 |
|
|
|a На пер. заг. не указано.
|
| 610 |
1 |
|
|a русская литература
|
| 610 |
1 |
|
|a поэзия
|
| 610 |
1 |
|
|a 20 век
|
| 610 |
1 |
|
|a миниатюрные издания
|
| 686 |
|
|
|a Ч611.68
|v LBC/SL-A
|2 rubbk
|
| 700 |
|
1 |
|a Мандельштам
|b О. Э.
|c российский поэт
|f 1891-1938
|g Осип Эмильевич
|2 stltpush
|3 (RuTPU)RU\TPU\pers\1047
|9 466
|
| 702 |
|
1 |
|a Фрейдин
|b Ю. Л.
|4 220
|
| 702 |
|
1 |
|a Капридов
|b В.
|4 440
|
| 801 |
|
1 |
|a RU
|b 63413507
|c 20131115
|
| 942 |
|
|
|c BK
|